Tax documents from Theadelphia : papyri of the second century A.D. /
المؤلف الرئيسي:
مؤلفون آخرون:
التنسيق: كتاب
اللغة: English
منشور في:
New York :
Columbia University Press,
1956.
سلاسل:
Columbia papyri. Greek series ;
5.
الموضوعات:
الوسوم: إضافة وسم
رقم الطلب: PA3315 .T44
| LEADER | 01145nam a22002657a 4500 | ||
|---|---|---|---|
| 003 | OSt | ||
| 005 | 20251001073959.0 | ||
| 008 | 250929t1956 nyu 000 0 eng d | ||
| 010 | |a 55005597 | ||
| 040 | |c ARCE Library | ||
| 050 | 1 | 4 | |a PA3315 |b .T44 |
| 100 | 1 | |a Day, John, |d 1902- |e author | |
| 245 | 1 | 0 | |a Tax documents from Theadelphia : |b papyri of the second century A.D. / |c Edited with introduction and notes by John Day and Clinton Walker Keyes. |
| 264 | 1 | |a New York : |b Columbia University Press, |c 1956. | |
| 300 | |a xviii, 342 pages ; |c 28 cm. | ||
| 490 | 1 | |a Columbia papyri .Greek series ; |v 5. | |
| 500 | |a "The rectos of the papyri whose versos are published in this volume were edited by W. L. Westermann and C. W. Keyes and published in 1932 under the title Tax lists and transportation receipts from Theadelphia." | ||
| 650 | 0 | |a Manuscripts, Greek (Papyri) |z Egypt |z Theadelphia (Extinct city) | |
| 650 | 0 | |a Taxation |z Egypt. | |
| 651 | 0 | |a Theadelpheia (Extinct city) | |
| 700 | 1 | |a Keyes, Clinton Walker, |d 1888-1943. |9 33787 | |
| 830 | 0 | |a Columbia papyri. |p Greek series ; |v 5. | |
| 901 | |a reviewed | ||
| 942 | |c BK |2 lcc | ||
| 999 | |c 22301 |d 22301 | ||
